000 01733cam a22004337a 4500
003 CHAP
005 20220329142830.0
008 040604s2004 mx r 00010 spa d
010 _a88425
011 _a89397
035 _a99948
040 _cCHAP
090 _aTesis
100 0 0 _aAvendaño Ruíz, Belem.
_98571
245 1 3 _aEl impacto de la iniciativa de inocuidad alimentaria de EE.UU. en las exportaciones de hortalizas frescas de México
_c/por Belem Dolores Avendaño Ruiz
260 _aChapingo, Méx. :
_bEl autor,
_c2004.
300 _a256 h. :
_bgráfs.
502 _aTesis (Dr. en Problemas Económico Agroindustriales) -- UACH. Centro de Investigaciones Económicas, Sociales y Tecnológicas de la Agroindustria y la Agricultura Mundial
530 _aTambién disponible en línea
590 _aALEPH
_b10
_c20130110
_lUCH01
_h1458
590 _aBATCH-UPD
_b10
_c20130110
_lUCH01
_h0605
590 _aBATCH-UPD
_b10
_c20130410
_lUCH01
_h0247
590 _aBATCH-UPD
_b10
_c20130914
_lUCH01
_h0436
590 _aBATCH-UPD
_b10
_c20140324
_lUCH01
_h1445
590 _aBATCH-UPD
_b10
_c20141002
_lUCH01
_h0822
590 _aBATCH
_b00
_c20181121
_lUCH01
_h0758
590 _aCONVERSION
_b10
_c20130109
_lUCH01
_h1349
650 1 4 _aInocuidad alimentaria.
_958836
650 1 4 _aLegumbres
_xCostos de producción.
_965702
650 1 4 _aLegumbres
_xExportación.
_965716
650 1 4 _aLegumbres
_xNormas de calidad.
_965764
856 _3Finding aid
_uhttp://10.13.5.2/tesis/99948.pdf
_zTeclea aqui
856 _a1
_n0000616
901 _aBK
905 _aMayto Villalobos S.
942 _cFOLL
949 _aTesis
_bBC
_cTES
_d33724000926390
_eTS2
_fc.2
_h41447
_i99948
_si
949 _aTesis
_bBC
_cTES
_d99948123
_eTS1
_h41446
_i99948
_sb
999 _c88425
_d88425